000 00571nam a22002057a 4500
999 _c3725
_d3725
003 AR-CdUCM
008 190307b ||||| |||| 00| 0 esp d
020 _aISBN
040 _aMUNICIPALIDAD PROVINCIAL DEL CUSCO
_cBIBLIOTECA MUNICIPAL DEL CUSCO
082 _a868.6 /
_bAL36
100 _aAlberti, Rafael
_98832
245 _aEl adefesio /
_cRafael Alberti
260 _aBuenos Aires :
_bLosada,
_c1944.
300 _a121 paginas ;
_c18 cm.
500 _aLuis Nieto
650 _aTeatro espaƱol
_9648
650 _aSiglo XX
_98
942 _2ddc
_cLIBROS
945 _aacrt